| 000 | 01308nam a2200361 c 4500 | ||
|---|---|---|---|
| 003 | BLK | ||
| 005 | 20180420223850.0 | ||
| 008 | 180408b bul|||||r ||||||| ||bul|| | ||
| 010 | _aKNG00076171000 | ||
| 020 |
_a954-91354-8-9 _bиздат.: Avis-24 |
||
| 040 | _aBLK | ||
| 041 |
_aBUL _cBUL |
||
| 080 |
_aЛитература в основното училище. Методика на обучението _b373.3.016:821 _x(075.2) _z373.3.016:821(075.2) |
||
| 100 | 1 |
_aПеткова, Ирен _eпърви автор _9295580 |
|
| 139 |
_aПомагало по литература V клас _bП 72 |
||
| 245 | 1 | 0 |
_aПомагало по литература V клас _cИрен Петкова. |
| 257 | _aBGR | ||
| 260 |
_аСофия _bAvis-24 _c2006 |
||
| 300 |
_a160 с. _c21 см |
||
| 380 | _a3 | ||
| 490 | 1 | _aУченически свят | |
| 500 | _aОфс. изд. | ||
| 650 | 4 |
_aЛитература - учебници за основни училища _9246333 |
|
| 653 | _aлитература | ||
| 653 | _aV кл. | ||
| 653 | _aучебни помагала | ||
| 653 | _aучебници за основни училища | ||
| 852 | _aЦб 234720 | ||
| 856 | 4 |
_qpdf _u |
|
| 856 | 4 |
_qpdf _u |
|
| 942 |
_cKNG _n0 |
||
| 944 |
_aCR _c02.07.2007 _kГеновева_Генчева |
||
| 944 |
_aED _c15.10.2007 _k |
||
| 999 |
_c71799 _d71799 |
||